PRINCIPLES OF PHYSICAL CHEMISTRY (Record no. 30436)
[ view plain ]
| 000 -LEADER | |
|---|---|
| fixed length control field | 00581cam a2200241ua 4500 |
| 001 - CONTROL NUMBER | |
| control field | 12090 |
| 003 - CONTROL NUMBER IDENTIFIER | |
| control field | OSt |
| 005 - DATE AND TIME OF LATEST TRANSACTION | |
| control field | 20230922145943.0 |
| 008 - FIXED-LENGTH DATA ELEMENTS--GENERAL INFORMATION | |
| fixed length control field | 141120n1999 II |||gr||||Z||||||eng |
| 020 ## - INTERNATIONAL STANDARD BOOK NUMBER | |
| International Standard Book Number | 8187210001 |
| 040 ## - CATALOGING SOURCE | |
| Original cataloging agency | MAIN |
| Transcribing agency | |
| 041 ## - LANGUAGE CODE | |
| Language code of text/sound track or separate title | English |
| 082 ## - DEWEY DECIMAL CLASSIFICATION NUMBER | |
| Classification number | 541 |
| Item number | PUR |
| 100 ## - MAIN ENTRY--PERSONAL NAME | |
| Personal name | PURI , SHARMA & PATHANIA. |
| 245 ## - TITLE STATEMENT | |
| Title | PRINCIPLES OF PHYSICAL CHEMISTRY |
| 250 ## - EDITION STATEMENT | |
| Edition statement | 48TH |
| 260 ## - PUBLICATION, DISTRIBUTION, ETC. | |
| Place of publication, distribution, etc. | NEW DELHI |
| Name of publisher, distributor, etc. | S.CHAND & COMPANY |
| Date of publication, distribution, etc. | 2023 |
| 300 ## - PHYSICAL DESCRIPTION | |
| Extent | 1353: |
| Dimensions | 22CM. |
| 653 ## - INDEX TERM--UNCONTROLLED | |
| Uncontrolled term | Physical chemistry |
| 700 ## - ADDED ENTRY--PERSONAL NAME | |
| Personal name | PATHANIA, M.S. |
| 700 ## - ADDED ENTRY--PERSONAL NAME | |
| Personal name | SHARMA. L.S. |
| 942 ## - ADDED ENTRY ELEMENTS (KOHA) | |
| Koha item type | Books |
| Source of classification or shelving scheme | Dewey Decimal Classification |
| Withdrawn status | Lost status | Source of classification or shelving scheme | Damaged status | Not for loan | Collection code | Home library | Current library | Shelving location | Date acquired | Source of acquisition | Total Checkouts | Full call number | Barcode | Date last seen | Copy number | Price effective from | Koha item type | Public note | Date last checked out |
|---|---|---|---|---|---|---|---|---|---|---|---|---|---|---|---|---|---|---|---|
| Dewey Decimal Classification | TBCHE | Central Library and Information Centre Sibsagar Girls College | Central Library and Information Centre Sibsagar Girls College | CHEMISTRY BOOK RACK | 21.09.2023 | KITAP GHAR | 541 PUR | 49151 | 22.09.2023 | 1 | 22.09.2023 | Books | V | ||||||
| Dewey Decimal Classification | TBCHE | Central Library and Information Centre Sibsagar Girls College | Central Library and Information Centre Sibsagar Girls College | CHEMISTRY BOOK RACK | 21.09.2023 | KITAP GHAR | 1 | 541 PUR | 49152 | 12.02.2026 | 2 | 22.09.2023 | Books | V | 03.02.2026 |